[Event "ODJM B 2024"]
[Site "Willingen GER"]
[Date "2024.05.20"]
[Round "3"]
[White "Fize, Aleksandrs"]
[Black "Ensslen, Jakob"]
[Result "0-1"]
[Termination "normal"]
[Board "19"]
[WhiteElo "1609"]
[BlackElo "1740"]
[WhiteClock "01:14:41"]
[BlackClock "00:05:02"]
[PlyCount "84"]
[WhiteFideId "34623779"]
[BlackFideId "34640258"]
[EventCountry "GER"]
[EventRounds "9"]
[EventType "swiss"]
[EventDate "2024.05.18"]

1. d4 {[%clk 01:30:58]} {[%emt 00:00:01]} d5 {[%clk 01:30:53]} {[%emt
00:00:08]} 2. Nc3 {[%clk 01:31:24]} {[%emt 00:00:03]} Nf6 {[%clk 01:31:11]}
{[%emt 00:00:12]} 3. Bf4 {[%clk 01:31:50]} {[%emt 00:00:03]} c5 {[%clk
01:31:20]} {[%emt 00:00:22]} 4. e3 {[%clk 01:32:15]} {[%emt 00:00:05]} cxd4
{[%clk 01:31:43]} {[%emt 00:00:08]} 5. exd4 {[%clk 01:32:41]} {[%emt 00:00:04]}
a6 {[%clk 01:31:57]} {[%emt 00:00:16]} 6. Nf3 {[%clk 01:32:49]} {[%emt
00:00:21]} Nc6 {[%clk 01:31:31]} {[%emt 00:00:57]} 7. Ne5 {[%clk 01:31:43]}
{[%emt 00:01:36]} e6 {[%clk 01:30:58]} {[%emt 00:01:02]} 8. Nxc6 {[%clk
01:31:38]} {[%emt 00:00:35]} bxc6 {[%clk 01:31:22]} {[%emt 00:00:07]} 9. Be2
{[%clk 01:31:46]} {[%emt 00:00:21]} a5 {[%clk 01:31:03]} {[%emt 00:00:49]} 10.
Na4 {[%clk 01:31:46]} {[%emt 00:00:30]} Ba6 {[%clk 01:23:01]} {[%emt 00:08:33]}
11. Bxa6 {[%clk 01:32:01]} {[%emt 00:00:14]} Rxa6 {[%clk 01:23:17]} {[%emt
00:00:14]} 12. Qd3 {[%clk 01:32:27]} {[%emt 00:00:03]} Ra7 {[%clk 01:21:56]}
{[%emt 00:01:52]} 13. O-O {[%clk 01:32:46]} {[%emt 00:00:11]} Bd6 {[%clk
01:19:29]} {[%emt 00:02:57]} 14. Bxd6 {[%clk 01:28:57]} {[%emt 00:04:19]} Qxd6
{[%clk 01:19:39]} {[%emt 00:00:20]} 15. Nc5 {[%clk 01:29:22]} {[%emt 00:00:04]}
O-O {[%clk 01:13:31]} {[%emt 00:06:39]} 16. Rfe1 {[%clk 01:27:59]} {[%emt
00:01:53]} Re8 {[%clk 01:05:40]} {[%emt 00:08:21]} 17. c3 {[%clk 01:24:59]}
{[%emt 00:03:30]} Nd7 {[%clk 00:54:16]} {[%emt 00:11:54]} 18. b4 {[%clk
01:22:15]} {[%emt 00:03:14]} axb4 {[%clk 00:48:43]} {[%emt 00:06:04]} 19. cxb4
{[%clk 01:22:36]} {[%emt 00:00:08]} Nxc5 {[%clk 00:43:16]} {[%emt 00:05:56]}
20. bxc5 {[%clk 01:20:11]} {[%emt 00:02:56]} Qf4 {[%clk 00:39:55]} {[%emt
00:03:51]} 21. a4 {[%clk 01:19:21]} {[%emt 00:01:20]} Rea8 {[%clk 00:29:46]}
{[%emt 00:10:39]} 22. g3 {[%clk 01:17:56]} {[%emt 00:01:54]} Qc7 {[%clk
00:28:39]} {[%emt 00:01:38]} 23. Qc2 {[%clk 01:16:44]} {[%emt 00:01:42]} Rb8
{[%clk 00:22:51]} {[%emt 00:06:18]} 24. Reb1 {[%clk 01:15:57]} {[%emt
00:01:16]} Rab7 {[%clk 00:15:51]} {[%emt 00:07:31]} 25. a5 {[%clk 01:15:15]}
{[%emt 00:01:13]} Rb5 {[%clk 00:11:46]} {[%emt 00:04:35]} 26. a6 {[%clk
01:15:21]} {[%emt 00:00:24]} Qa7 {[%clk 00:11:25]} {[%emt 00:00:50]} 27. Rxb5
{[%clk 01:14:42]} {[%emt 00:01:08]} Rxb5 {[%clk 00:11:27]} {[%emt 00:00:29]}
28. Qa2 {[%clk 01:14:45]} {[%emt 00:00:28]} g6 {[%clk 00:10:53]} {[%emt
00:01:03]} 29. Kg2 {[%clk 01:14:25]} {[%emt 00:00:50]} Kg7 {[%clk 00:10:56]}
{[%emt 00:00:28]} 30. Qe2 {[%clk 01:14:13]} {[%emt 00:00:41]} Rb4 {[%clk
00:06:23]} {[%emt 00:05:03]} 31. Qe5+ {[%clk 01:13:57]} {[%emt 00:00:45]} Kg8
{[%clk 00:06:43]} {[%emt 00:00:11]} 32. Qd6 {[%clk 01:13:48]} {[%emt 00:00:39]}
Rxd4 {[%clk 00:05:51]} {[%emt 00:01:23]} 33. Qxc6 {[%clk 01:14:10]} {[%emt
00:00:07]} Rb4 {[%clk 00:04:45]} {[%emt 00:01:36]} 34. Qc8+ {[%clk 01:13:21]}
{[%emt 00:01:19]} Kg7 {[%clk 00:05:07]} {[%emt 00:00:09]} 35. c6 {[%clk
01:13:49]} {[%emt 00:00:02]} d4 {[%clk 00:03:51]} {[%emt 00:01:46]} 36. c7
{[%clk 01:13:28]} {[%emt 00:00:50]} Rc4 {[%clk 00:03:11]} {[%emt 00:01:10]} 37.
Qb7 {[%clk 01:13:25]} {[%emt 00:00:33]} Rxc7 {[%clk 00:03:25]} {[%emt
00:00:15]} 38. Qxc7 {[%clk 01:13:39]} {[%emt 00:00:16]} Qxc7 {[%clk 00:03:43]}
{[%emt 00:00:13]} 39. a7 {[%clk 01:14:03]} {[%emt 00:00:06]} Qc6+ {[%clk
00:04:05]} {[%emt 00:00:08]} 40. Kg1 {[%clk 01:14:24]} {[%emt 00:00:09]} Qa8
{[%clk 00:04:20]} {[%emt 00:00:15]} 41. Kf1 {[%emt 00:00:38]} Qh1+ {[%clk
00:04:36]} {[%emt 00:00:13]} 42. Ke2 {[%clk 01:14:41]} {[%emt 00:00:05]} Qxa1
{[%clk 00:05:02]} {[%emt 00:00:05]} 0-1

[Event "ODJM B 2024"]
[Site "Willingen GER"]
[Date "2024.05.20"]
[Round "3"]
[White "Klockhaus, Daniel"]
[Black "Stülcken, Philipp"]
[Result "0-1"]
[Termination "normal"]
[Board "20"]
[WhiteElo "1650"]
[BlackElo "1780"]
[WhiteClock "00:08:26"]
[BlackClock "00:15:42"]
[PlyCount "62"]
[WhiteFideId "16299132"]
[BlackFideId "12986232"]
[EventCountry "GER"]
[EventRounds "9"]
[EventType "swiss"]
[EventDate "2024.05.18"]

1. c4 {[%clk 01:30:55]} {[%emt 00:00:04]} Nf6 {[%clk 01:30:47]} {[%emt
00:00:13]} 2. g3 {[%clk 01:31:20]} {[%emt 00:00:05]} e6 {[%clk 01:31:05]}
{[%emt 00:00:13]} 3. Bg2 {[%clk 01:30:13]} {[%emt 00:01:36]} d5 {[%clk
01:31:16]} {[%emt 00:00:19]} 4. e3 {[%clk 01:28:56]} {[%emt 00:01:46]} Bd6
{[%clk 01:29:14]} {[%emt 00:02:33]} 5. Nf3 {[%clk 01:25:33]} {[%emt 00:03:53]}
O-O {[%clk 01:29:12]} {[%emt 00:00:32]} 6. b3 {[%clk 01:25:30]} {[%emt
00:00:33]} Nbd7 {[%clk 01:26:58]} {[%emt 00:02:44]} 7. Bb2 {[%clk 01:23:54]}
{[%emt 00:02:05]} Re8 {[%clk 01:23:19]} {[%emt 00:04:10]} 8. O-O {[%clk
01:23:39]} {[%emt 00:00:45]} c6 {[%clk 01:20:41]} {[%emt 00:03:08]} 9. d3
{[%clk 01:21:58]} {[%emt 00:02:11]} e5 {[%clk 01:10:06]} {[%emt 00:11:06]} 10.
Nc3 {[%clk 01:10:17]} {[%emt 00:12:11]} Nf8 {[%clk 01:01:35]} {[%emt 00:09:00]}
11. Qc2 {[%clk 01:04:28]} {[%emt 00:06:19]} Bd7 {[%clk 00:53:30]} {[%emt
00:08:36]} 12. h3 {[%clk 01:00:50]} {[%emt 00:04:07]} Rc8 {[%clk 00:51:30]}
{[%emt 00:02:30]} 13. Nd2 {[%clk 00:51:00]} {[%emt 00:10:20]} Bb8 {[%clk
00:48:12]} {[%emt 00:03:48]} 14. Rfe1 {[%clk 00:47:14]} {[%emt 00:04:15]} b5
{[%clk 00:45:43]} {[%emt 00:03:00]} 15. a3 {[%clk 00:40:56]} {[%emt 00:06:48]}
Ne6 {[%clk 00:39:26]} {[%emt 00:06:47]} 16. Qd1 {[%clk 00:31:06]} {[%emt
00:10:20]} Nc5 {[%clk 00:31:21]} {[%emt 00:08:35]} 17. Bf1 {[%clk 00:30:34]}
{[%emt 00:01:02]} e4 {[%clk 00:28:41]} {[%emt 00:03:09]} 18. d4 {[%clk
00:26:06]} {[%emt 00:04:59]} Nd3 {[%clk 00:19:54]} {[%emt 00:09:17]} 19. Bxd3
{[%clk 00:26:33]} {[%emt 00:00:03]} exd3 {[%clk 00:20:18]} {[%emt 00:00:06]}
20. Kh2 {[%clk 00:26:43]} {[%emt 00:00:19]} Ne4 {[%clk 00:20:24]} {[%emt
00:00:25]} 21. Ncxe4 {[%clk 00:21:42]} {[%emt 00:05:30]} dxe4 {[%clk 00:20:45]}
{[%emt 00:00:10]} 22. cxb5 {[%clk 00:18:20]} {[%emt 00:03:52]} Qh4 {[%clk
00:18:13]} {[%emt 00:03:02]} 23. Rh1 {[%clk 00:14:20]} {[%emt 00:04:30]} Bxh3
{[%clk 00:17:23]} {[%emt 00:01:20]} 24. Kg1 {[%clk 00:13:55]} {[%emt 00:00:55]}
Bxg3 {[%clk 00:17:21]} {[%emt 00:00:32]} 25. Qe1 {[%clk 00:13:17]} {[%emt
00:01:08]} Bb8 {[%clk 00:16:41]} {[%emt 00:01:09]} 26. Nf1 {[%clk 00:13:38]}
{[%emt 00:00:09]} Re6 {[%clk 00:14:23]} {[%emt 00:02:49]} 27. Ra2 {[%clk
00:08:04]} {[%emt 00:06:04]} Rg6+ {[%clk 00:14:37]} {[%emt 00:00:16]} 28. Ng3
{[%clk 00:08:32]} {[%emt 00:00:02]} Bxg3 {[%clk 00:14:38]} {[%emt 00:00:29]}
29. fxg3 {[%clk 00:08:01]} {[%emt 00:01:01]} Rxg3+ {[%clk 00:15:02]} 30. Kf2
{[%clk 00:08:11]} {[%emt 00:00:26]} Rf3+ {[%clk 00:15:20]} {[%emt 00:00:08]}
31. Kg1 {[%clk 00:08:26]} {[%emt 00:00:19]} Qxe1+ {[%clk 00:15:42]} {[%emt
00:00:08]} 0-1

[Event "ODJM B 2024"]
[Site "Willingen GER"]
[Date "2024.05.20"]
[Round "3"]
[White "Tran, Minh Dat"]
[Black "Wellßow, Lio Keanu"]
[Result "1-0"]
[Termination "normal"]
[Board "21"]
[WhiteElo "1731"]
[BlackElo "1486"]
[WhiteClock "00:59:27"]
[BlackClock "01:15:24"]
[PlyCount "45"]
[WhiteFideId "16244702"]
[BlackFideId "16252837"]
[EventCountry "GER"]
[EventRounds "9"]
[EventType "swiss"]
[EventDate "2024.05.18"]

1. c4 {[%clk 01:30:58]} {[%emt 00:00:02]} e5 {[%clk 01:30:15]} {[%emt
00:00:45]} 2. g3 {[%clk 01:31:23]} {[%emt 00:00:05]} Nf6 {[%clk 01:30:23]}
{[%emt 00:00:22]} 3. Bg2 {[%clk 01:31:47]} {[%emt 00:00:05]} Bc5 {[%clk
01:30:35]} {[%emt 00:00:19]} 4. e3 {[%clk 01:32:01]} {[%emt 00:00:16]} Nc6
{[%clk 01:30:40]} {[%emt 00:00:25]} 5. Ne2 {[%clk 01:32:25]} {[%emt 00:00:06]}
d5 {[%clk 01:30:31]} {[%emt 00:00:39]} 6. cxd5 {[%clk 01:32:28]} {[%emt
00:00:27]} Nxd5 {[%clk 01:30:50]} {[%emt 00:00:11]} 7. O-O {[%clk 01:31:26]}
{[%emt 00:01:32]} Bg4 {[%clk 01:30:20]} {[%emt 00:01:00]} 8. h3 {[%clk
01:29:57]} {[%emt 00:01:59]} Bh5 {[%clk 01:30:12]} {[%emt 00:00:38]} 9. g4
{[%clk 01:29:05]} {[%emt 00:01:21]} Bg6 {[%clk 01:30:04]} {[%emt 00:00:38]} 10.
d4 {[%clk 01:29:31]} {[%emt 00:00:05]} exd4 {[%clk 01:29:53]} {[%emt 00:00:41]}
11. exd4 {[%clk 01:26:35]} {[%emt 00:03:26]} Be7 {[%clk 01:28:50]} {[%emt
00:01:32]} 12. Nbc3 {[%clk 01:25:05]} {[%emt 00:02:00]} Nf6 {[%clk 01:26:16]}
{[%emt 00:03:04]} 13. f4 {[%clk 01:23:16]} {[%emt 00:02:19]} h6 {[%clk
01:21:49]} {[%emt 00:04:58]} 14. d5 {[%clk 01:19:38]} {[%emt 00:04:08]} Bc5+
{[%clk 01:20:49]} {[%emt 00:01:29]} 15. Kh1 {[%clk 01:19:53]} {[%emt 00:00:15]}
Ne7 {[%clk 01:20:33]} {[%emt 00:00:47]} 16. f5 {[%clk 01:16:45]} {[%emt
00:03:38]} Bh7 {[%clk 01:20:23]} {[%emt 00:00:39]} 17. Bf4 {[%clk 01:11:03]}
{[%emt 00:06:13]} Qd7 {[%clk 01:19:15]} {[%emt 00:01:38]} 18. Qb3 {[%clk
01:03:08]} {[%emt 00:08:25]} b6 {[%clk 01:18:40]} {[%emt 00:01:05]} 19. d6
{[%clk 01:01:00]} {[%emt 00:02:38]} Nc6 {[%clk 01:18:52]} {[%emt 00:00:17]} 20.
Qb5 {[%clk 00:58:40]} {[%emt 00:02:50]} O-O-O {[%clk 01:15:44]} {[%emt
00:03:38]} 21. Bxc6 {[%clk 00:58:41]} {[%emt 00:00:29]} a6 {[%clk 01:15:00]}
{[%emt 00:01:14]} 22. Qxa6+ {[%clk 00:59:01]} {[%emt 00:00:10]} Kb8 {[%clk
01:15:24]} {[%emt 00:00:07]} 23. Qb7# {[%clk 00:59:27]} {[%emt 00:00:03]} 1-0

[Event "ODJM B 2024"]
[Site "Willingen GER"]
[Date "2024.05.20"]
[Round "3"]
[White "Lieb, Max"]
[Black "Uhlmann, Jonas"]
[Result "1-0"]
[Termination "normal"]
[Board "22"]
[WhiteElo "1662"]
[BlackElo "1842"]
[WhiteClock "00:13:06"]
[BlackClock "00:00:33"]
[PlyCount "59"]
[WhiteFideId "34630651"]
[BlackFideId "16258576"]
[EventCountry "GER"]
[EventRounds "9"]
[EventType "swiss"]
[EventDate "2024.05.18"]

1. d4 {[%clk 01:30:57]} {[%emt 00:00:03]} d5 {[%clk 01:30:47]} {[%emt
00:00:14]} 2. c4 {[%clk 01:31:21]} {[%emt 00:00:06]} e6 {[%clk 01:31:12]}
{[%emt 00:00:05]} 3. Nf3 {[%clk 01:31:45]} {[%emt 00:00:06]} c5 {[%clk
01:31:35]} {[%emt 00:00:07]} 4. cxd5 {[%clk 01:31:59]} {[%emt 00:00:16]} exd5
{[%clk 01:31:59]} {[%emt 00:00:06]} 5. Nc3 {[%clk 01:32:20]} {[%emt 00:00:09]}
Nc6 {[%clk 01:31:05]} {[%emt 00:01:24]} 6. g3 {[%clk 01:32:38]} {[%emt
00:00:11]} Nf6 {[%clk 01:31:27]} {[%emt 00:00:08]} 7. Bg2 {[%clk 01:33:01]}
{[%emt 00:00:08]} Be7 {[%clk 01:31:52]} {[%emt 00:00:05]} 8. O-O {[%clk
01:33:24]} {[%emt 00:00:07]} c4 {[%clk 01:31:05]} {[%emt 00:01:17]} 9. Ne5
{[%clk 01:18:47]} {[%emt 00:15:07]} O-O {[%clk 01:27:40]} {[%emt 00:03:54]} 10.
Nxc6 {[%clk 01:10:01]} {[%emt 00:09:17]} bxc6 {[%clk 01:28:05]} {[%emt
00:00:05]} 11. e4 {[%clk 01:10:13]} {[%emt 00:00:18]} dxe4 {[%clk 01:05:49]}
{[%emt 00:22:46]} 12. Nxe4 {[%clk 01:09:36]} {[%emt 00:01:06]} Bf5 {[%clk
00:52:36]} {[%emt 00:13:44]} 13. Nxf6+ {[%clk 01:06:30]} {[%emt 00:03:34]} Bxf6
{[%clk 00:50:39]} {[%emt 00:02:28]} 14. Be3 {[%clk 01:01:26]} {[%emt 00:05:35]}
Qb6 {[%clk 00:37:40]} {[%emt 00:13:28]} 15. b3 {[%clk 00:42:57]} {[%emt
00:18:59]} c3 {[%clk 00:29:50]} {[%emt 00:08:21]} 16. d5 {[%clk 00:34:56]}
{[%emt 00:08:30]} c5 {[%clk 00:29:07]} {[%emt 00:01:13]} 17. d6 {[%clk
00:25:44]} {[%emt 00:09:42]} Rad8 {[%clk 00:29:18]} {[%emt 00:00:19]} 18. Qd5
{[%clk 00:25:55]} {[%emt 00:00:19]} Be6 {[%clk 00:22:27]} {[%emt 00:07:21]} 19.
Qxc5 {[%clk 00:20:56]} {[%emt 00:05:29]} Rxd6 {[%clk 00:20:13]} {[%emt
00:02:45]} 20. Qa3 {[%clk 00:20:29]} {[%emt 00:00:57]} Qa6 {[%clk 00:10:06]}
{[%emt 00:10:37]} 21. Bc5 {[%clk 00:19:09]} {[%emt 00:01:50]} Qxa3 {[%clk
00:08:45]} {[%emt 00:01:51]} 22. Bxa3 {[%clk 00:19:32]} {[%emt 00:00:07]} Ra6
{[%clk 00:07:38]} {[%emt 00:01:37]} 23. Bxf8 {[%clk 00:19:18]} {[%emt
00:00:43]} Kxf8 {[%clk 00:08:06]} {[%emt 00:00:03]} 24. Be4 {[%clk 00:15:34]}
{[%emt 00:04:14]} Ra5 {[%clk 00:05:14]} {[%emt 00:03:22]} 25. Bc2 {[%clk
00:14:55]} {[%emt 00:01:09]} g6 {[%clk 00:04:11]} {[%emt 00:01:32]} 26. a4
{[%clk 00:14:52]} {[%emt 00:00:34]} h5 {[%clk 00:02:27]} {[%emt 00:02:14]} 27.
b4 {[%clk 00:14:40]} {[%emt 00:00:42]} Ra6 {[%clk 00:01:59]} {[%emt 00:00:58]}
28. b5 {[%clk 00:14:20]} {[%emt 00:00:50]} Rd6 {[%clk 00:01:04]} {[%emt
00:01:25]} 29. Rfd1 {[%clk 00:14:11]} {[%emt 00:00:39]} Ke7 {[%clk 00:00:33]}
{[%emt 00:01:01]} 30. a5 {[%clk 00:13:06]} {[%emt 00:01:34]} 1-0

[Event "ODJM B 2024"]
[Site "Willingen GER"]
[Date "2024.05.20"]
[Round "3"]
[White "Törpel, Cedrik"]
[Black "Averkova, Mariia"]
[Result "0-1"]
[Termination "normal"]
[Board "23"]
[WhiteElo "1779"]
[BlackElo "1608"]
[WhiteClock "00:00:31"]
[BlackClock "00:16:20"]
[PlyCount "80"]
[WhiteFideId "34660380"]
[BlackFideId "34651470"]
[EventCountry "GER"]
[EventRounds "9"]
[EventType "swiss"]
[EventDate "2024.05.18"]

1. d4 {[%clk 01:30:58]} {[%emt 00:00:02]} d5 {[%clk 01:30:53]} {[%emt
00:00:08]} 2. c4 {[%clk 01:31:22]} {[%emt 00:00:05]} dxc4 {[%clk 01:31:16]}
{[%emt 00:00:08]} 3. e3 {[%clk 01:31:33]} {[%emt 00:00:19]} e5 {[%clk
01:31:27]} {[%emt 00:00:18]} 4. Bxc4 {[%clk 01:27:39]} {[%emt 00:04:24]} exd4
{[%clk 01:31:49]} {[%emt 00:00:09]} 5. Qb3 {[%clk 01:23:53]} {[%emt 00:04:16]}
Qe7 {[%clk 01:26:43]} {[%emt 00:05:36]} 6. Nf3 {[%clk 01:21:07]} {[%emt
00:03:16]} Nc6 {[%clk 01:23:14]} {[%emt 00:03:59]} 7. O-O {[%clk 01:20:02]}
{[%emt 00:01:34]} d3 {[%clk 01:11:38]} {[%emt 00:12:06]} 8. Nc3 {[%clk
01:08:39]} {[%emt 00:11:53]} Nf6 {[%clk 01:07:06]} {[%emt 00:05:02]} 9. e4
{[%clk 00:46:39]} {[%emt 00:22:31]} Nd7 {[%clk 00:55:42]} {[%emt 00:11:53]} 10.
Nd5 {[%clk 00:37:45]} {[%emt 00:09:24]} Nc5 {[%clk 00:50:02]} {[%emt 00:06:10]}
11. Qd1 {[%clk 00:36:31]} {[%emt 00:01:44]} Qd8 {[%clk 00:47:49]} {[%emt
00:02:43]} 12. b4 {[%clk 00:31:39]} {[%emt 00:05:22]} Ne6 {[%clk 00:46:08]}
{[%emt 00:02:12]} 13. Bb2 {[%clk 00:28:35]} {[%emt 00:03:33]} Bd6 {[%clk
00:42:28]} {[%emt 00:04:09]} 14. e5 {[%clk 00:24:42]} {[%emt 00:04:25]} Bxb4
{[%clk 00:40:22]} {[%emt 00:02:35]} 15. Nxb4 {[%clk 00:23:53]} {[%emt
00:01:19]} Nxb4 {[%clk 00:40:37]} {[%emt 00:00:16]} 16. Qb3 {[%clk 00:21:34]}
{[%emt 00:02:48]} Nc6 {[%clk 00:38:53]} {[%emt 00:02:14]} 17. Rad1 {[%clk
00:19:14]} {[%emt 00:02:51]} O-O {[%clk 00:35:19]} {[%emt 00:04:04]} 18. Rxd3
{[%clk 00:19:02]} {[%emt 00:00:41]} Qe8 {[%clk 00:35:15]} {[%emt 00:00:33]} 19.
Ba3 {[%clk 00:18:07]} {[%emt 00:01:25]} Ne7 {[%clk 00:35:16]} {[%emt 00:00:29]}
20. Rfd1 {[%clk 00:16:07]} {[%emt 00:02:30]} Rb8 {[%clk 00:32:35]} {[%emt
00:03:11]} 21. Bb5 {[%clk 00:12:03]} {[%emt 00:04:35]} c6 {[%clk 00:30:51]}
{[%emt 00:02:14]} 22. Bxe7 {[%clk 00:10:42]} {[%emt 00:01:52]} Qxe7 {[%clk
00:30:52]} {[%emt 00:00:28]} 23. Bxc6 {[%clk 00:10:30]} {[%emt 00:00:43]} Nc5
{[%clk 00:30:13]} {[%emt 00:01:08]} 24. Qb4 {[%clk 00:10:07]} {[%emt 00:00:53]}
a5 {[%clk 00:30:14]} {[%emt 00:00:29]} 25. Qa3 {[%clk 00:09:31]} {[%emt
00:01:07]} bxc6 {[%clk 00:29:19]} {[%emt 00:01:25]} 26. Rc3 {[%clk 00:09:31]}
{[%emt 00:00:30]} Rd8 {[%clk 00:26:41]} {[%emt 00:03:08]} 27. Rdc1 {[%clk
00:07:52]} {[%emt 00:02:08]} Rb5 {[%clk 00:26:38]} {[%emt 00:00:33]} 28. h3
{[%emt 00:02:11]} Rd5 {[%clk 00:26:12]} 29. Rc4 {[%clk 00:05:03]} {[%emt
00:02:33]} Rd3 {[%clk 00:25:12]} {[%emt 00:01:31]} 30. R1c3 {[%clk 00:04:40]}
{[%emt 00:00:54]} Rxc3 {[%clk 00:25:07]} {[%emt 00:00:34]} 31. Rxc3 {[%clk
00:04:57]} {[%emt 00:00:14]} Bb7 {[%clk 00:22:16]} {[%emt 00:03:20]} 32. Nd4
{[%clk 00:04:19]} {[%emt 00:01:07]} Rb1+ {[%clk 00:22:38]} {[%emt 00:00:09]}
33. Rc1 {[%clk 00:00:41]} {[%emt 00:04:08]} Rxc1+ {[%clk 00:23:00]} {[%emt
00:00:08]} 34. Qxc1 {[%clk 00:01:10]} {[%emt 00:00:02]} Qxe5 {[%clk 00:22:05]}
{[%emt 00:01:24]} 35. Nf3 {[%clk 00:01:05]} {[%emt 00:00:34]} Qd5 {[%clk
00:21:00]} {[%emt 00:01:36]} 36. Qe1 {[%clk 00:00:51]} {[%emt 00:00:44]} Ne6
{[%clk 00:20:44]} {[%emt 00:00:46]} 37. Qb1 {[%clk 00:00:47]} {[%emt 00:00:34]}
c5 {[%clk 00:20:09]} {[%emt 00:01:05]} 38. Qb5 {[%clk 00:00:59]} {[%emt
00:00:18]} g6 {[%clk 00:17:17]} {[%emt 00:03:22]} 39. Qxa5 {[%clk 00:00:41]}
{[%emt 00:00:47]} Ng5 {[%clk 00:16:55]} {[%emt 00:00:51]} 40. Qc3 {[%clk
00:00:31]} {[%emt 00:00:42]} Nxf3+ {[%clk 00:16:20]} {[%emt 00:01:04]} 0-1